|
|
|
|
| LEADER |
00000nab a2200000 a 4500 |
| 001 |
vtls000722175 |
| 003 |
SK-MaSNL |
| 005 |
20260426082018.0 |
| 008 |
250429c2000 xo 0 slo |
| 015 |
|
|
|a SNBRB2000/05-13950
|
| 035 |
|
|
|a CLN000074342
|
| 035 |
|
|
|a urn:nbn:sk:snk-ab234l
|
| 035 |
|
|
|a (urnnbn)urn:nbn:sk:snk:ar-a01h9g
|
| 035 |
|
|
|a (uuid)9a0acce8-865b-4850-8547-375290b6ec37
|
| 040 |
|
|
|a SNKBUCL
|b slo
|c SNKBUCL
|e AACR2
|
| 041 |
0 |
|
|a slo
|
| 044 |
|
|
|a xo
|c SK
|
| 080 |
|
|
|a 78.091.4
|2 1997
|
| 100 |
1 |
|
|a Puškášová, Meška
|4 aut
|9 1115320
|
| 245 |
1 |
0 |
|a Večery novej hudby '99 (jeseň)
|b Meška Puškášová
|
| 611 |
1 |
7 |
|a Večery novej hudby
|n 10.
|d 1999
|c Bratislava, Slovensko
|2 snkbucl
|9 1409024
|
| 651 |
|
7 |
|a Bratislava (Slovensko)
|2 snkbucl
|9 14568
|
| 655 |
|
7 |
|a články z novín a časopisov
|2 snkbucl
|9 267496
|
| 773 |
0 |
|
|t Hudobný život
|g Roč. 32, č. 3 (2000), s. 11-13
|x 1335-4140
|
| 850 |
|
|
|a Slovenská národná knižnica
|
| 852 |
|
|
|a Slovenská národná knižnica
|
| 954 |
|
|
|a odborná, vedecká literatúra pôvodná (slovenská)
|2 lita
|
| 958 |
|
|
|a article27
|
| 958 |
|
|
|a OND
|
| 958 |
|
|
|a SK
|
| 958 |
|
|
|a EUIPO
|
| 992 |
|
|
|a RBX
|
| 999 |
|
|
|c 2860189
|d 2862119
|